[Event "Bretagne op-A"]
[Site "Queven"]
[Date "1999.??.??"]
[Round "1"]
[White "Guillemot, Gerard"]
[Black "Le Roch, Daniel"]
[Result "1-0"]
[WhiteElo "2010"]
[BlackElo "1800"]
[PlyCount "65"]
[EventDate "1999.06.??"]
[EventType "swiss"]
[EventRounds "7"]
[EventCountry "FRA"]
[SourceTitle "EXT 2001"]
[Source "ChessBase"]
[SourceDate "2000.11.22"]
[SourceVersion "1"]
[SourceVersionDate "2000.11.22"]
[SourceQuality "1"]

1. e4 e5 2. Nf3 Nc6 3. Nc3 Nf6 4. Bb5 d6 5. d4 exd4 6. Nxd4 Bd7 7. Bxc6 bxc6 8. 0-0 c5 9. Nf5 Bxf5 10. exf5 Be7 11. g4 h5 12. g5 Ng4 13. f4 Qd7 14. Qd3 c6 15. Re1 d5 16. h3 d4 17. Ne4 Ne3 18. Bxe3 dxe3 19. Qxd7+ Kxd7 20. Rxe3 Kc7 21. Rd1 Rab8 22. Red3 Rhd8 23. Rxd8 Rxd8 24. Rxd8 Kxd8 25. Kg2 Kc7 26. Ng3 g6 27. Kf3 c4 28. fxg6 fxg6 29. f5 gxf5 30. g6 Bf6 31. Nxh5 Bxb2 32. g7 Bxg7 33. Nxg7 1-0

[Event "Saint Affrique op"]
[Site "Saint Affrique"]
[Date "1994.??.??"]
[Round "?"]
[White "Braeuning, Rudolf Wilhelm"]
[Black "Guillemot, Gerard"]
[Result "1-0"]
[WhiteElo "2285"]
[BlackElo "2070"]
[PlyCount "31"]
[EventDate "1994.07.??"]
[EventType "swiss"]
[EventRounds "7"]
[EventCountry "FRA"]
[SourceTitle "EXT 1999"]
[Source "ChessBase"]
[SourceDate "1998.11.16"]
[SourceVersion "1"]
[SourceVersionDate "1998.11.16"]
[SourceQuality "1"]

1. e4 e5 2. Nc3 Nf6 3. g3 Bc5 4. Bg2 Nc6 5. Nge2 d6 6. Na4 Bb6 7. 0-0 Bd7 8. Nxb6 axb6 9. d3 0-0 10. f4 Ne8 11. Be3 f6 12. f5 Ne7 13. g4 Bc6 14. c4 b5 15. cxb5 Bxb5 16. Qb3+ 1-0